[Event "Catalunya-chT Gp1"]
[Site "Barcelona"]
[Date "2022.01.22"]
[Round "1.1"]
[White "De la Riva Aguado, Oscar"]
[Black "Garriga Cazorla, Pere"]
[Result "0-1"]
[WhiteElo "2443"]
[BlackElo "2489"]
[PlyCount "89"]
[EventDate "2022.01.22"]
[EventType "team-tourn"]
[EventRounds "9"]
[EventCountry "ESP"]
[SourceTitle "CBM 206 Extra"]
[Source "ChessBase"]
[SourceDate "2022.03.31"]
[SourceVersion "1"]
[SourceVersionDate "2022.03.31"]
[SourceQuality "1"]
[WhiteTeam "Geva CEA"]
[BlackTeam "Mollet"]
[WhiteTeamCountry "ESP"]
[BlackTeamCountry "ESP"]

1. e4 c5 2. Nf3 e6 3. c3 Nf6 4. e5 Nd5 5. g3 d6 6. exd6 Bxd6 7. Bg2 Nc6 8. 0-0 0-0 9. d4 cxd4 10. Nxd4 Nxd4 11. Qxd4 Qc7 12. Nd2 Bd7 13. a4 Rac8 14. Re1 Bc5 15. Qd3 Rfd8 16. Nb3 Be7 17. Nd4 Bf6 18. h4 h6 19. Qe4 Be8 20. a5 Kh8 21. Ra3 a6 22. Bd2 Rd6 23. Qg4 Bxd4 24. Qxd4 Nf6 25. Qf4 Nh5 26. Qe3 Rcd8 27. Bc1 Bc6 28. Bxc6 Qxc6 29. Qe2 Nf6 30. Bf4 Rd5 31. Raa1 Nd7 32. c4 Rd4 33. Qe3 Rxc4 34. Bxh6 f6 35. Rad1 Rc8 36. Bf4 e5 37. Bh6 Nf8 38. b3 Rc3 39. Qd2 Rc2 40. Qe3 Kg8 41. Bg5 fxg5 42. Qxg5 Qf6 43. Qe3 R8c3 44. Qa7 Rxg3+ 45. fxg3 0-1

[Event "EU Small Countries ol 7th"]
[Site "Sliema"]
[Date "2021.12.01"]
[Round "6.3"]
[White "De la Riva Aguado, Oscar"]
[Black "Berend, Elvira S"]
[Result "1-0"]
[WhiteElo "2466"]
[BlackElo "2328"]
[PlyCount "95"]
[EventDate "2021.11.28"]
[EventType "team-tourn"]
[EventRounds "9"]
[EventCountry "MLT"]
[SourceTitle "CBM 205 Extra"]
[Source "ChessBase"]
[SourceDate "2022.01.31"]
[SourceVersion "1"]
[SourceVersionDate "2022.01.31"]
[SourceQuality "1"]
[WhiteTeam "Andorra"]
[BlackTeam "Luxembourg"]
[WhiteTeamCountry "AND"]
[BlackTeamCountry "LUX"]

1. e4 e5 2. Nf3 Nc6 3. d4 exd4 4. Nxd4 Bc5 5. Nb3 Bb4+ 6. c3 Be7 7. Bf4 d6 8. N1d2 Nf6 9. Qc2 0-0 10. Be2 Re8 11. 0-0 Bg4 12. Bxg4 Nxg4 13. h3 Nf6 14. Rae1 Qd7 15. Bg3 h6 16. f4 Nh7 17. Nf3 Bf8 18. Nbd2 a5 19. a4 Ne7 20. Nc4 b5 21. axb5 Qxb5 22. Na3 Qb7 23. c4 Nc6 24. Kh1 Rab8 25. Nb5 Nb4 26. Qb1 c6 27. Nbd4 Na6 28. Re2 Nc5 29. e5 dxe5 30. fxe5 Rbd8 31. Rfe1 Ne6 32. Nf5 Nhg5 33. Nxg5 hxg5 34. Qe4 Qb3 35. Kh2 c5 36. Nd6 Bxd6 37. exd6 Rf8 38. Rf2 Qa4 39. Rxf7 Rxf7 40. Qxe6 Qc6 41. Rf1 Rdf8 42. Re1 Kh7 43. Qg4 Rf6 44. Rd1 Rd8 45. Rd5 Qb7 46. Rxg5 Qf7 47. Rxc5 Rg6 48. Qh4+ 1-0

[Event "Agneaux St Lo op 20th"]
[Site "Agneaux"]
[Date "2019.07.12"]
[Round "8.4"]
[White "De la Riva Aguado, Oscar"]
[Black "Mirzoev, Emil"]
[Result "1/2-1/2"]
[WhiteElo "2463"]
[BlackElo "2493"]
[PlyCount "40"]
[EventDate "2019.07.06"]
[EventType "swiss"]
[EventRounds "9"]
[EventCountry "FRA"]
[SourceTitle "EXT 2020"]
[Source "ChessBase"]
[SourceDate "2019.10.17"]
[SourceVersion "1"]
[SourceVersionDate "2019.10.17"]
[SourceQuality "1"]

1. e4 e5 2. Nf3 Nf6 3. Nc3 Nc6 4. d4 exd4 5. Nxd4 Bb4 6. Nxc6 bxc6 7. Bd3 d5 8. exd5 cxd5 9. 0-0 0-0 10. Qf3 c6 11. h3 Rb8 12. Bf4 Bd6 13. b3 Rb4 14. Ne2 c5 15. Bxd6 Qxd6 16. c3 Rb8 17. Qg3 Qxg3 18. Nxg3 Be6 19. Rfe1 Rfe8 20. Rad1 g6 1/2-1/2